Statistiques concernant Pokémon Sauvages(Galar EB) 2

Cliquez ici pour prendre le quiz!

Statistiques générales

  • Ce quiz a été pris 5 fois
  • Le résultat moyen est 254 sur 496

Statistiques - réponses

LieuxPokémon% Correct
B | ECaninos
100%
Ceribou
100%
Débugant
100%
Dynavolt
100%
Excavarenne
100%
B | E | Stade de MotorbyGoupix
100%
Sapereau
100%
EBaggiguane
67%
BBargantua motif Bleu
67%
EBargantua motif Rouge
67%
Batracné
67%
Baudrive
67%
Bekipan
67%
Bétochef
67%
Bibichut
67%
(pokémon vadrouilleurs)Blancoton
67%
(pokémon cachés) | (pokémon vadrouilleurs) sifflerBleuseille
67%
Bourrinos
67%
ECanarticho de Galar
67%
Caratroc
67%
Chacripan
67%
(au sol) | Mine de GalarCharbi
67%
Charpenti
67%
Chartor
67%
Chinchidou
67%
Chovsourir
67%
(pokémon cachés)Coléodôme
67%
Colhomard
67%
Colombeau
67%
BCradopaud
67%
Crèmy
67%
Cryptéro
67%
Déflaisan
67%
Drascore
67%
Écrapince
67%
(pêche) | Skifford(pêche)Embrochet
67%
Évoli
67%
Farfuret
67%
BFluvetin
67%
Funécire
67%
EFuraiglon
67%
Goélise
67%
Grillepattes
67%
BJudokrak
67%
EKaraclée
67%
Khélocrok
67%
Léviator
67%
(pokémon vadrouilleurs)Limonde de Galar
67%
Loupio
67%
(pêche) | Motorby(pêche)Magicarpe
67%
Miamiasme
67%
Miaouss de Galar
67%
(pokémon cachés) | Lac Milobellus NordMoufouette
67%
Moumouflon
67%
Moumouton
67%
Moyade
67%
Nigosier
67%
Abords de MotorbyNoarfang
67%
Nodulithe
67%
Opermine
67%
Pandespiègle
67%
Papilusion
67%
EPifeuil
67%
Pikachu
67%
Pitrouille
67%
Poichigeon
67%
Poissirène
67%
Poissoroy
67%
Polagriffe
67%
Terres Sauvages/zone entre-rives/ Berges de MotorbyRapion
67%
Rhinoféros
67%
(pokémon vadrouilleurs)Ronflex
67%
(arbres à baies)Rongourmand
67%
Rototaupe
67%
Rubombelle
67%
Mine de Galar n°2Sancoki Mer Orient
67%
Simularbre
67%
Smogo
67%
Sovkipou
67%
Spectrum
67%
Stalgamin
67%
Statitik
67%
ESucroquin
67%
Taupiqueur
67%
Tic
67%
Torgamord
67%
Tritonde
67%
Tritosor Mer Orient
67%
BTritox
67%
Verpom
67%
(surface de l'eau)Viskuse
67%
Voltoutou
67%
BVostourno
67%
(pokémon vadrouilleurs)Wagomine
67%
Angoliath
33%
Araqua
33%
Archéodong
33%
B | Siège du GéantArchéomire
33%
Axoloto
33%
Babimanta
33%
EBaggiguane
33%
Balbuto
33%
Barbicha
33%
Barloche
33%
Blizzaroi
33%
Blizzi
33%
Bombydou
33%
Bruyverne
33%
Cadoizo
33%
Carabing
33%
Charibari
33%
(pokémon cachés)Chelours
33%
BCoatox
33%
Concombaffe
33%
BCorayon de Galar
33%
(pokémon vadrouilleurs)Corvaillus
33%
Crabaraque
33%
Crabicoque
33%
Crapustule
33%
Crustabri
33%
Dimoret
33%
Doudouvet
33%
Duralugon
33%
Escargaume
33%
Fantominus
33%
Froussardine
33%
Fulgudog
33%
Gallame
33%
(pokémon cachés)Géolithe
33%
Goinfrex
33%
Golemastoc
33%
Goupilou
33%
Grimalin
33%
Grindur
33%
Gringolem
33%
Grodrive
33%
Hastacuda
33%
Hippopotas
33%
Ixon
33%
Kaorine
33%
EKicklee
33%
(pêche)Kokiyas
33%
Lanturn
33%
Larvibule
33%
Léopardus
33%
Lewsor
33%
Linéon de Galar
33%
(pokémon vadrouilleurs sur l'eau)Lokhlass
33%
BLombre
33%
Lucanon
33%
Lucario
33%
Machoc
33%
Machopeur
33%
Manzaï
33%
Maraiste
33%
Marcacrin
33%
BMéios
33%
Mélodelfe
33%
Mélofée
33%
EMesmérella
33%
(pokémon vadrouilleurs)Miasmax
33%
Mimiqui
33%
(pokémon cachés)Minisange
33%
Moufflair
33%
Munna
33%
Mushana
33%
Mygavolt
33%
EMysdibule
33%
Natu
33%
Neitram
33%
Ningale
33%
Ninjask
33%
Noacier
33%
Noctunoir
33%
Nounourson
33%
Oniglali
33%
Onix
33%
Ortide
33%
EOuvrifier
33%
Pandarbare
33%
Pitrouille taille Maxi
33%
Pitrouille taille Mini
33%
Pitrouille taille Normale
33%
Pitrouille taille Ultra
33%
Polarhume
33%
Psystigri
33%
Qulbutoké
33%
Qwilfish
33%
Rhinocorne
33%
(arbres à baies)Rongrigou
33%
(pokémon cachés)Roublenard
33%
Rozbouton
33%
Sarmuraï
33%
Scalpion
33%
Scalproie
33%
Sepiatop
33%
Skelénox
33%
Sonistrelle
33%
Sorbébé
33%
Sorbouboul
33%
Sorboul
33%
(pokémon vadrouilleurs)Steelix
33%
Sucreine
33%
Tarenbulle
33%
Tarsal
33%
BTénéfix
33%
Téraclope
33%
Tiboudet
33%
Togepi
33%
Togetic
33%
Tournicoton
33%
Toxizap
33%
BTygnon
33%
Vorastérie
33%
(pokémon vadrouilleurs sur l'eau)Wailmer
33%
Xatu
33%
Route 3 | zone nord/ Plaine RocheuseZigzaton de Galar
33%
Aflamanoir
0%
Croquine
0%
Fermite
0%
Galvaran
0%
Maracachi
0%
Spododo
0%

Distribution des résultats

Percentile par nombre de réponses

% des personnes avec chaque résultat

Votre développement - résultats

Vous n’avez pas pris ce quiz